| 000 | 00515nam a2200181Ia 4500 | ||
|---|---|---|---|
| 001 | 21469 | ||
| 005 | 20260306172921.0 | ||
| 008 | 260306t2006||||xx |||||||||||||| ||spa|| | ||
| 041 | _aESP | ||
| 082 |
_a345.02 _bP42 |
||
| 100 |
_aPeña Cabrera Freyre, Alonso Raúl _eAUT |
||
| 245 | 0 |
_aExégesis del nuevo código procesal penal : _banálisis dogmático, derecho comparado y jurisprudencia |
|
| 260 | _c2006 | ||
| 300 |
_a945 páginas : _c24 cm. |
||
| 650 | _aGEN | ||
| 654 | _aCDE | ||
| 942 |
_cLIB _dJUS _fJUS _2ddc _n |
||
| 999 |
_c21469 _d21469 |
||